000
00319nam a2200133Ia 4500
008
240624s9999 xx 000 0 und d
041
_a
eng
082
_a
828 RAJ
100
_a
RAJAN KRISHNA V
245
_a
AMBASSADOR S CLUB
260
_c
2012
_a
New Delhi
_b
HarperCollins India
300
_a
344 : p.
365
_c
RS
_b
25
999
_c
19264
_d
19264